Carregando...

Foreign exchange

Detalhes bibliográficos
Autor principal: Gopalakrishanan, p G; Jaganarayanan, Nandini
Formato: Printed Book
Publicado em: Himalaya Pub House: Mumbai
Assuntos:
LEADER 00630nam a2200193 4500
020 |c 170 
082 |a 332.45 GOP 
100 |a Gopalakrishanan, p G; Jaganarayanan, Nandini 
245 |a Foreign exchange  |c Gopalakrishanan, p G; Jaganarayanan, Nandini 
250
260 |a Himalaya Pub House: Mumbai 
300 |a 225 p 
490
500
590 |a Modern Book Centre  |b MBC-0373/13 dtd 30/05/2013 
650 |a Foreign exchange--Money--Financial economics 
942 |c BK 
999 |c 145492  |d 145492 
952 |0 0  |1 0  |4 0  |6 332_450000000000000_GOP  |7 0  |9 158952  |a IMK  |b IMK  |g 170.00  |l 0  |o 332.45 GOP  |p IMK11854  |r 2019-10-25  |w 2019-10-25  |y BK